Royal Houses Quiz #1 - Statistics

General Stats
  • This quiz has been taken 32 times
  • The average score is 9 of 15
Answer Stats
Hint Answer % Correct
Elizabeth II Windsor
100%
Henry VIII Tudor
94%
Richard II Plantagenet
84%
George IV Hanover
74%
William IV Hanover
74%
Edward IV York
61%
Edward V York
61%
Henry VI Lancaster
58%
Alfred the Great Wessex
55%
Edward the Confessor Wessex
55%
Harold II Wessex
55%
Harthacanut Denmark
39%
James I Stewart
35%
Robert I Bruce
23%
John I Angevin
16%
No matching quizzes found
Score Distribution
Percent of People with Each Score
Percentile by Number Answered
Your Score History
You have not taken this quiz